<?xml version="1.0" encoding="UTF-8"?>
<record
    xmlns:xsi="http://www.w3.org/2001/XMLSchema-instance"
    xsi:schemaLocation="http://www.loc.gov/MARC21/slim http://www.loc.gov/standards/marcxml/schema/MARC21slim.xsd"
    xmlns="http://www.loc.gov/MARC21/slim">

  <leader>00821nam2a22001931  4500</leader>
  <controlfield tag="001">RU\NLR\A1SV\68710</controlfield>
  <controlfield tag="005">20251203152403.2</controlfield>
  <datafield tag="035" ind1=" " ind2=" ">
    <subfield code="a">(NLR Aleph) 009750300</subfield>
  </datafield>
  <datafield tag="090" ind1=" " ind2=" ">
    <subfield code="a">13482275</subfield>
    <subfield code="c">13482275</subfield>
  </datafield>
  <datafield tag="100" ind1=" " ind2=" ">
    <subfield code="a">20060315d1919    u  y0rusy50      ca</subfield>
  </datafield>
  <datafield tag="101" ind1="0" ind2=" ">
    <subfield code="a">rus</subfield>
  </datafield>
  <datafield tag="200" ind1="0" ind2=" ">
    <subfield code="a">&#x412;&#x44B;&#x43F;.1</subfield>
  </datafield>
  <datafield tag="461" ind1=" " ind2="1">
    <subfield code="1">001RU\NLR\A1SV\68709</subfield>
    <subfield code="1">2000#$a[&#x418;&#x437;&#x434;&#x430;&#x43D;&#x438;&#x44F;]$f&#x41A;&#x443;&#x431;&#x430;&#x43D;. &#x438;&#x43C;. &#x418;.&#x41F;&#x438;&#x433;&#x438;&#x442;&#x430; &#x43E;&#x43F;&#x44B;&#x442;&#x43D;&#x43E;-&#x445;&#x43E;&#x437;. &#x442;&#x430;&#x431;&#x430;&#x447;. &#x43F;&#x43B;&#x430;&#x43D;&#x442;&#x430;&#x446;&#x438;&#x44F;$v&#x412;&#x44B;&#x43F;.1</subfield>
    <subfield code="9">9978095</subfield>
    <subfield code="a">&#x41A;&#x443;&#x431;&#x430;&#x43D;&#x441;&#x43A;&#x430;&#x44F; &#x43E;&#x43F;&#x44B;&#x442;&#x43D;&#x43E;-&#x445;&#x43E;&#x437;&#x44F;&#x439;&#x441;&#x442;&#x432;&#x435;&#x43D;&#x43D;&#x430;&#x44F; &#x442;&#x430;&#x431;&#x430;&#x447;&#x43D;&#x430;&#x44F; &#x43F;&#x43B;&#x430;&#x43D;&#x442;&#x430;&#x446;&#x438;&#x44F;</subfield>
    <subfield code="c">&#x415;&#x43A;&#x430;&#x442;&#x435;&#x440;&#x438;&#x43D;&#x43E;&#x434;&#x430;&#x440;</subfield>
    <subfield code="d">1919</subfield>
    <subfield code="f">&#x41A;&#x443;&#x431;&#x430;&#x43D;. &#x438;&#x43C;. &#x418;.&#x41F;&#x438;&#x433;&#x438;&#x442;&#x430; &#x43E;&#x43F;&#x44B;&#x442;&#x43D;&#x43E;-&#x445;&#x43E;&#x437;. &#x442;&#x430;&#x431;&#x430;&#x447;. &#x43F;&#x43B;&#x430;&#x43D;&#x442;&#x430;&#x446;&#x438;&#x44F;</subfield>
    <subfield code="t">[&#x418;&#x437;&#x434;&#x430;&#x43D;&#x438;&#x44F;]</subfield>
    <subfield code="v">&#x412;&#x44B;&#x43F;.1</subfield>
  </datafield>
  <datafield tag="801" ind1=" " ind2="0">
    <subfield code="a">RU</subfield>
    <subfield code="b">NLR</subfield>
    <subfield code="c">20060315</subfield>
  </datafield>
  <datafield tag="852" ind1=" " ind2=" ">
    <subfield code="a">NLR</subfield>
    <subfield code="j">&#x41C;&#x444; &#x41F;-1/302</subfield>
  </datafield>
  <datafield tag="942" ind1=" " ind2=" ">
    <subfield code="c">BOOK</subfield>
  </datafield>
  <datafield tag="980" ind1=" " ind2=" ">
    <subfield code="a">A1SV</subfield>
  </datafield>
  <datafield tag="980" ind1=" " ind2=" ">
    <subfield code="a">NB</subfield>
  </datafield>
</record>
